Foreign trade by commodities 1995 Mexico, Czech Republic, Greece, Portugal, Spain, Sweden, Turkey

Guardado en:
Detalles Bibliográficos
Formato: Libro
Lenguaje:inglés
francés
Publicado: Paris OECD 1998
Materias:
Etiquetas: Agregar Etiqueta
Sin Etiquetas, Sea el primero en etiquetar este registro!

MARC

LEADER 00000nam a2200000 4500
001 c117880
005 20240422081311.9
020 |a 92-64-05243-7 
022 |a 0474-540X 
041 0 |a eng 
041 0 |a fre 
044 |a FR 
245 1 0 |a Foreign trade by commodities 1995  |b Mexico, Czech Republic, Greece, Portugal, Spain, Sweden, Turkey 
264 1 |a Paris  |b OECD  |c 1998 
300 |a 546 s. 
610 2 0 |a obchod zahraničný 
610 2 0 |a tovar 
610 2 0 |a komodity 
610 2 0 |a dovoz 
610 2 0 |a vývoz 
610 2 0 |a výrobky 
610 2 0 |a suroviny 
610 2 0 |a materiál